Politika dhe Demokracia (Record no. 117)
[ view plain ]
| 000 -LEADER | |
|---|---|
| fixed length control field | 00676nam a22002297a 4500 |
| 008 - FIXED-LENGTH DATA ELEMENTS--GENERAL INFORMATION | |
| fixed length control field | 131016b xxu||||| |||| 00| 0 alb d |
| 020 ## - INTERNATIONAL STANDARD BOOK NUMBER | |
| International Standard Book Number | 9951021026 |
| 041 0# - LANGUAGE CODE | |
| Language code of text/sound track or separate title | alb |
| 080 ## - UNIVERSAL DECIMAL CLASSIFICATION NUMBER | |
| Universal Decimal Classification number | 32+321.7 |
| 100 1# - Rafti | |
| Rafti | Kval, Karl - Erik |
| 245 10 - TITLE STATEMENT | |
| Title | Politika dhe Demokracia |
| Statement of responsibility, etc | Karl - Erik Kval, Aleks J. Mellbye, Bend Sofus Tranøy ; [Përkthyes : Ermir Pulaha] |
| 250 ## - | |
| -- | Botimi 2. |
| 260 ## - | |
| -- | Prishtinë : |
| -- | Rozafa ; |
| -- | 2006 |
| 300 ## - | |
| -- | 253 f. : |
| -- | me il. ; |
| -- | 24 cm. |
| 500 ## - | |
| -- | Parathënie f. : 3 |
| 650 #0 - | |
| -- | Politika botërore |
| 650 #0 - | |
| -- | Demokracia |
| 700 ## - | |
| -- | Mellbye, Aleks J. |
| 700 ## - | |
| -- | Tranøy, Bend Sofus |
| 700 ## - | |
| -- | Pulaha, Ermir |
| 942 ## - ADDED ENTRY ELEMENTS (KOHA) | |
| Source of classification or shelving scheme | |
| Item type | Books |
| Withdrawn status | Lost status | Source of classification or shelving scheme | Damaged status | Not for loan | Collection code | Permanent location | Current location | Shelving location | Date acquired | Total Checkouts | Full call number | Barcode | Date last seen | Price effective from | Koha item type |
|---|---|---|---|---|---|---|---|---|---|---|---|---|---|---|---|
| Koleksioni i përgjithshem | UBT - Prishtine | UBT - Prishtine | Koleksioni i përgjithshem | 10/16/2013 | 32+321.7 TRA | 001-000129 | 10/16/2013 | 10/16/2013 | Books | ||||||
| Koleksioni i përgjithshem | UBT - Prishtine | UBT - Prishtine | Koleksioni i përgjithshem | 10/16/2013 | 32+321.7 TRA | 001-000128 | 10/16/2013 | 10/16/2013 | Books | ||||||
| Koleksioni i përgjithshem | UBT - Prishtine | UBT - Prishtine | Koleksioni i përgjithshem | 10/16/2013 | 32+321.7 TRA | 001-000127 | 10/16/2013 | 10/16/2013 | Books | ||||||
| Koleksioni i përgjithshem | UBT - Prishtine | UBT - Prishtine | Koleksioni i përgjithshem | 10/16/2013 | 32+321.7 TRA | 001-000126 | 10/16/2013 | 10/16/2013 | Books | ||||||
| Koleksioni i përgjithshem | UBT - Prishtine | UBT - Prishtine | Koleksioni i përgjithshem | 10/16/2013 | 32+321.7 TRA | 001-000121 | 10/16/2013 | 10/16/2013 | Books |